Dostoiewski

Gespeichert in:
Bibliographische Detailangaben
1. Verfasser: Zweig, Stefan
Format: Buch
Sprache:Spanish
Veröffentlicht: Barcelona, España Editorial Juventud 1983
Ausgabe:3 ed.
Schlagworte:
Tags: Tag hinzufügen
Keine Tags, Fügen Sie den ersten Tag hinzu!

MARC

LEADER 00000nam a22000007a 4500
008 170529b xxu||||| |||| 00| 0 spa d
040 |a cru BVZT 
090 |a B-800-Au Z-1d 
100 |a Zweig, Stefan 
245 |a Dostoiewski  |c Stefan Zweig 
250 |a 3 ed. 
260 |a Barcelona, España  |b Editorial Juventud  |c 1983 
300 |a 219 páginas 
650 |a OTRAS LITERATURAS  |9 193 
650 |a LITERATURA AUSTRÍACA 
650 |a BIOGRAFÍA 
650 |a CRÍTICA PSICOLÓGICA 
999 |c 15329  |d 15329 
942 |c 15 D  |h B-800-Au Z-1d  |2 z